| 000 | 00000nam##2200000za#4500 |
| 001 | 9.571819 |
| 003 | CaOODSP |
| 005 | 20210624182920 |
| 007 | cr ||||||||||| |
| 008 | 150406|2001||||xxc|||||o f|0| 0 eng|d |
| 040 | |aCaOODSP|beng |
| 043 | |an-cn--- |
| 086 | 1 |aNH18-24/36E-PDF |
| 110 | 2 |aCanada Mortgage and Housing Corporation. |
| 245 | 14|aThe condominium owners' guide to mold |h[electronic resource] |
| 260 | |aOttawa - Ontario : |bCanada Mortgage and Housing Corporation |cc2001. |
| 300 | |a8p.|billus., photographs |
| 490 | 1 |aAbout your house |vCE36 |
| 590 | |a11-23-Supp|b2011-10-17 |
| 690 | 07|aHousing|2gcpds |
| 690 | 07|aFungi|2gcpds |
| 690 | 07|aMaintenance|2gcpds |
| 775 | 08|tGuide sur la moisissure à l'intention des copropriétaires |w(CaOODSP)9.602242 |
| 776 | 0#|tThe condominium owners' guide to mold |w(CaOODSP)9.615820 |
| 830 | #0|aAbout your house ;|vCE36|w(CaOODSP)9.505388 |
| 856 | 40|ahttp://publications.gc.ca|qPDF|s180 KB|uhttps://publications.gc.ca/collections/Collection/NH18-24-36E.pdf|yCE36 |